00943 2200301 4500001002100000005001500021035002000036007000300056008004100059020002200100082001600122084001800138100004000156245011400196250003500310300003800345650001700383504003200400264003500432336002100467337003000488338002300518040002200541090002200563850001200585999002200597990002200619INLIS00000000090133720260109012107 a0010-0126000270ta260109s2025 yoia g ind d a978-634-223-271-204223a796.334 a796.334 PUT s0 aPutri Prastiwi WulandariePengarang10aSepak takraw teknik, taktik, dan pembelajaran :bdalam konteks pendidikan jasmani /cPutri Prastiwi Wulandari aCetakan pertama: Desember 2025 aiv, 89 halaman :bgambar ;c23 cm 4aSepak takraw aBibliografi : halaman 87-8831aYogyakarta :bUNY Press,c2025 2rdacontentateks 2rdamediaatanpa perantara 2rdacarrieravolume aYOPDYOGbinderda aCB-D.11 2025-4060 aYOPDYOG aCB-D.11/2025-4060 aCB-D.11/2025-4060